| 000 | 01096nam a2200277 a 4500 | ||
|---|---|---|---|
| 003 | CBULib | ||
| 005 | 20231115142134.0 | ||
| 008 | 080905s2008 ||||||||||||||||| || u | ||
| 020 | _a9789211127461 | ||
| 040 |
_aCBULib _bEnglish _cCBULib _erda |
||
| 041 | _aeng | ||
| 050 | _aUNCTAD(02)2008/1 | ||
| 110 |
_aUnited Nations Conference on Trade and Development (UNCTAD) _9359 |
||
| 245 | 1 | 0 |
_aMeasuring the impact of ICT use in business: the case of manufacturing in Thailand _c/ by United Nations Conference on Trade and Development (UNCTAD) |
| 260 |
_aNew York : _bUnited Nations, _c2008. |
||
| 300 | _avii, 48 pages : illustrations | ||
| 336 |
_2rdacontent _aText | _btxt |
||
| 337 |
_2rdamedia _aUnmediated | _bn |
||
| 338 |
_2rdacarrier _aVolume _bnc |
||
| 650 | _aMANUFACTURING PROCESSES--THAILAND--AUTOMATION | ||
| 650 | _aINFORMATION TECHNOLOGY--GOVERNMENT POLICY--THAILAND | ||
| 650 | _aMANUFACTURERS--TECHNOLOGICAL INNOVATION--THAILAND | ||
| 650 | _aTELECOMMUNICATION POLICY--THAILAND | ||
| 942 |
_2mc _c029 |
||
| 999 |
_c50872 _d50872 |
||